Statistics for Official European Union Languages

Click here to take the quiz!

General Stats

  • This quiz has been taken 86,709 times
  • The average score is 19 of 24

Answer Stats

Official in:Language% Correct
Ireland, MaltaEnglish
98%
Belgium, France, LuxembourgFrench (français)
98%
Austria, Belgium, Germany,
Luxembourg
German (deutsch)
97%
SpainSpanish (español)
96%
ItalyItalian (italiano)
94%
Finland, SwedenSwedish (svenska)
90%
PortugalPortuguese (português)
90%
Cyprus, GreeceGreek (ελληνικά)
87%
Belgium, NetherlandsDutch (nederlands)
85%
PolandPolish (polski)
84%
DenmarkDanish (dansk)
78%
FinlandFinnish (suomi)
77%
RomaniaRomanian (română)
75%
HungaryHungarian (magyar)
73%
Czech RepublicCzech (čeština)
73%
CroatiaCroatian (hrvatski)
71%
SlovakiaSlovak (slovenčina)
70%
LatviaLatvian (latviešu valoda)
69%
EstoniaEstonian (eesti keel)
68%
BulgariaBulgarian (български)
67%
LithuaniaLithuanian (lietuvių kalba)
67%
IrelandIrish (Gaeilge)
66%
SloveniaSlovene (slovenščina)
64%
MaltaMaltese (malti)
39%

Score Distribution

Percentile by Number Answered

Percent of People with Each Score

Your Score History

You have not taken this quiz